Illumination Movies! - Statistics

General Stats
  • This quiz has been taken 367 times
    207 since last reset
  • The average score is 13 of 17
Answer Stats
Year Movie % Correct
2010 Despicable Me
97%
2015 Minions
97%
2013 Despicable Me 2
95%
2017 Despicable Me 3
94%
2024 Despicable Me 4
94%
2022 Minions: The Rise of Gru
91%
2016 Sing
77%
2021 Sing 2
77%
2016 The Secret Life of Pets
75%
2019 The Secret Life of Pets 2
75%
2012 The Lorax
73%
2023 The Super Mario Bros. Movie
73%
2018 The Grinch
69%
2023 Migration
65%
2011 Hop
62%
2027 Minions 3
59%
2026 The Super Mario Bros. Movie 2
43%
No matching quizzes found
Score Distribution
Percent of People with Each Score
Percentile by Number Answered
Your Score History
You have not taken this quiz since the last reset